[Event "23rd Linares it"]
[Site "Morelia MEX"]
[Date "2006.02.23"]
[Round "5"]
[White "Ivanchuk, Vasyl"]
[Black "Topalov, Veselin"]
[Result "0-1"]
[WhiteElo "2729"]
[BlackElo "2801"]
[EventDate "2006.02.18"]
[PlyCount "80"]

1. d4 d5 2. c4 c6 3. Nf3 Nf6 4. Nc3 a6 5. cxd5 cxd5 6. Qb3 Nc6 7. Bg5 e6 8. e3 h6 9. Bxf6 Qxf6 10. Bd3 Bd6 11. O-O O-O 12. Rac1 b5 13. Bb1 Bd7 14. Qc2 g6 15. Qd2 Rac8 16. Rfd1 Rc7 17. Qe1 b4 18. Ne2 a5 19. Qd2 Rfc8 20. Ne1 a4 21. Nd3 Na5 22. Rxc7 Rxc7 23. Rc1 Nc4 24. Qe1 Qd8 25. g3 Bb5 26. h4 g5 27. hxg5 hxg5 28. Kg2 Qc8 29. Ng1 f6 30. Qd1 Be8 31. Nf3 Bh5 32. Rc2 Bg6 33. Re2 g4 34. Nh4 Be4+ 35. Kh2 f5 36. Ne1 Nxe3 37. Rxe3 Rc1 38. Qd2 Rxb1 39. Rxe4 dxe4 40. Qg5+ Kf7 0-1